00589cam a22002291 4500001001300000003000400013005001700017008004100034010001700075035002000092040001800112042001200130050002000142100002600162245004400188260001600232300002900248500001500277650002700292740002300319999001700342sa 68000260 DLC20260227112422.0891010s1963 np 000 0 newo  asa 68000260  a(OCoLC)20463635 aDLCcWaUdDLC apremarc00aPL3801.N51bI840 aIshwara Nanda,d1928-10aDhukū pikū.bThe Nepal bhasa-verbs. c[1963 or 4] a5, 7, 209, 13 p.c16 cm. aIn Newari. 0aNewari languagexVerb.0 aNepal bhasa-verbs. c77074d77074